000 00450nam a2200157Ia 4500
999 _c19031
_d19031
003 OSt
005 20200611105321.0
008 190216s9999||||xx |||||||||||||| ||und||
040 _coclc
082 _a294.3
_bBAP/Y
100 _aBapat, P V
_92776
245 0 _a2500 Years Of Buddhism /
_c P V Bapat
260 _bPublications Division Govt. Of India,
_c1982.
300 _a438p
942 _cBK
_2ddc
_h294.3
_iBAP/Y
_k294.3
_mBAP/Y